Pojęcia, którymi student posługuje się częściej niż ktokolwiek inny. - Statystyki

Ogólne statystyki
  • Ten quiz został rozwiązany 12 razy
  • Średni wynik to 3 z 5
Statystyki odpowiedzi
Hint Odpowiedź % Poprawnych
3. Egzamin
92%
2. Kolokwium
92%
1. Sesja
58%
4. Zaliczenie
25%
5. Poprawka
17%
Nie znaleziono quizów pasujących do podanych kryteriów
Rozkład punktacji
Procent ludzi z każdym wynikiem
Percentyl według liczby udzielonych odpowiedzi
Twoja historia wyników
Nie rozwiązałeś tego quizu